000 01721cam a22003737i 4500
001 18221924
003 NUST
005 20230103095224.0
008 140711s2015 maua 001 0 eng d
010 _a 2014945698
020 _a9781305271029 (paperback)
020 _a1305271025 (paperback)
035 _a(OCoLC)ocn894138824
040 _aYDXCP
_beng
_cYDXCP
_erda
_dCLE
_dIAD
_dOQX
_dLET
_dOCLCF
_dDLC
042 _alccopycat
082 0 4 _a629.892,PRA
100 1 _aPrayaga, Lakshmi,
_eauthor.
_955728
245 1 0 _aRobotics :
_ba project-based approach /
_cLakshmi Prayaga, Chandra Prayaga, Alex Whiteside, and Ramakrishna Suri.
264 1 _aBoston, MA :
_bCengage Learning,
_c[2015]
300 _axi, 221 pages :
_billustrations ;
_c23 cm
336 _atext
_2rdacontent
336 _astill image
_2rdacontent
337 _aunmediated
_2rdamedia
338 _avolume
_2rdacarrier
505 _aIntroduction to robotics (Page-1), Build your own robot sweeper (Page-11), Traveling robot (Page-33), Intruder alarm (Page-57), Robot networking and communication with Wi-Fi (Page-73), Robot medical assistant (Page-89), Data logger (Page-101), Remote contorlled user interfaces (Page-121), Security robot (Page-141), Light and sound (Page-149), Android app controlller (Page-169), Additional robotics applications (Page-199),
650 0 _aRobots
_xDesign and construction.
650 0 _aRobotics.
650 7 _aRobotics.
_2fast
_0(OCoLC)fst01098997
_9106693
650 7 _aRobots
_xDesign and construction.
_2fast
_0(OCoLC)fst01099054
_9106694
700 1 _aPrayaga, Chandra,
_eauthor.
_9106688
700 1 _aWhiteside, Alex,
_eauthor.
_9106689
700 1 _aSuri, Ramakrishna,
_eauthor.
_9106690
942 _2ddc
_cBK
999 _c592898
_d592898